Statistiques concernant Villes du monde au détail

Cliquez ici pour prendre le quiz!

Statistiques générales

  • Ce quiz a été pris 509 fois
  • Le résultat moyen est 12 sur 15

Statistiques - réponses

Réponse% Correct
Londres
99%
New York
99%
Venise
99%
Tokyo
96%
Sydney
95%
Rome
94%
Los Angeles
90%
Berlin
87%
Rio de Janeiro
79%
Pékin
76%
Bruxelles
73%
Barcelone
70%
Moscou
57%
Jérusalem
50%
Istanbul
44%

Distribution des résultats

Percentile par nombre de réponses

% des personnes avec chaque résultat

Votre développement - résultats

Vous n’avez pas pris ce quiz